Climate change planning guidance (Record no. 120756)
[ view plain ]
| 000 -LEADER | |
|---|---|
| fixed length control field | 01255cai a22001935a 4500 |
| 001 - CONTROL NUMBER | |
| control field | L146286 |
| 008 - FIXED-LENGTH DATA ELEMENTS--GENERAL INFORMATION | |
| fixed length control field | 090105u xxk g f000 0 eng d |
| 035 ## - SYSTEM CONTROL NUMBER | |
| System control number | (Sirsi) u146286 |
| 041 0# - LANGUAGE CODE | |
| Language code of text/sound track or separate title | eng |
| 110 2# - MAIN ENTRY--CORPORATE NAME | |
| Corporate name or jurisdiction name as entry element | Homes and Communities Agency |
| Subordinate unit | Homes and Communities Academy |
| 9 (RLIN) | 5681 |
| 245 00 - TITLE STATEMENT | |
| Title | Climate change planning guidance |
| Medium | [electronic resource] |
| 520 ## - SUMMARY, ETC. | |
| Summary, etc. | This microsite presents an online version of content from the practice guide to support the 'Climate Change Planning Policy Statement' (PPS1). It is intended as a companion guide and should not be taken as a policy document. Sections included are: developing and implementing regional and local spatial planning, implementing regional policy and procedures, implementing local policy and procedures and preparing and determining planning applications. Looks in some detail at how climate change should influence planning law. |
| 590 ## - LOCAL NOTE (RLIN) | |
| Local note | KA |
| 650 24 - SUBJECT ADDED ENTRY--TOPICAL TERM | |
| Topical term or geographic name entry element | PLANNING POLICY STATEMENT 1 (DELIVERING SUSTAINABLE DEVELOPMENT) |
| 651 #4 - SUBJECT ADDED ENTRY--GEOGRAPHIC NAME | |
| Geographic name | England and Wales |
| Chronological subdivision | 1543- |
| 690 ## - LOCAL SUBJECT ADDED ENTRY--TOPICAL TERM (OCLC, RLIN) | |
| Topical term or geographic name as entry element | ENVIRONMENTAL AND LAND CONSULTANCY-PLANNING AND DEVELOPMENT-STRATEGIC PLANNING |
| 856 40 - ELECTRONIC LOCATION AND ACCESS | |
| Uniform Resource Identifier | <a href="https://www.pas.gov.uk/pas/core/page.do?pageId=94314">https://www.pas.gov.uk/pas/core/page.do?pageId=94314</a> |
| Public note | View the item free of charge online at www.pas.gov.uk... |
| 942 ## - ADDED ENTRY ELEMENTS (KOHA) | |
| Suppress in OPAC | 0 |
| Withdrawn status | Lost status | Source of classification or shelving scheme | Damaged status | Not for loan | Home library | Current library | Shelving location | Date acquired | Total Checkouts | Full call number | Barcode | Date last seen | Copy number | Price effective from | Koha item type |
|---|---|---|---|---|---|---|---|---|---|---|---|---|---|---|---|
| Dewey Decimal Classification | Virtual | Virtual | Online | 05/01/2009 | ONLINE PUBLICATION | 146286-1001 | 06/08/2019 | 1 | 06/08/2019 | Online material |